[Event "Match 82__120'/40"]
[Site "Zürich"]
[Date "2025.??.??"]
[Round "13"]
[White "Scorpio 68000 sel. 4"]
[Black "Mephisto Explorer Pro"]
[Result "1-0"]
[Annotator "8-5 for Scorpio"]
[WhiteElo "2043"]
[BlackElo "2016"]
[WhiteFideId "-1"]
[BlackFideId "-1"]
[PlyCount "136"]
[GameId "542500985489"]
[EventDate "2025.10.05"]
[EventType "match"]
[EventRounds "50"]

{[%evp 0,136,29,25,43,34,34,38,27,28,17,29,33,24,76,82,82,52,54,37,164,13,33,14,10,5,34,15,59,20,15,-17,-29,-42,-34,-56,-63,-60,-63,-67,-58,-88,-62,-53,-60,-81,-36,-51,-44,-27,-18,-24,-33,-25,-20,-9,0,-3,-17,0,1,1,-4,0,0,-38,0,-85,0,-14,-20,-15,-26,-28,-52,-90,-73,-145,-31,-87,0,0,0,-60,-60,-60,-60,-60,-60,-60,15,-149,-149,-247,-247,-247,-247,-247,-247,-247,-247,-247,-247,-247,-247,-247,-247,-247,-247,-247,-247,-247,-247,-247,701,701,972,791,1022,909,972,992,1016,1244,29945,1032,29953,1022,29957,1022,29957,1022,29955,1032,29965,29966,29983,29982,29983]} 1. e4 e6 {Match Nr. 82 mit 120'/40 | Bediener: Rolf Bühler | Kommentator: Kurt Utzinger | 13. Partie: Weiss (Scorpio 68000 sel. 4) gewinnt | Zwischenstand: 8-5 für Scorpio 68000 sel. 4 | Stand hypothetisch: 7-6 für Mephisto Explorer Pro | Eröffnung: Französische Verteidigung, Winawer System 4.Ld3 | Buchzüge 6 (67) von Scorpio; 4 (59) von Mephisto Explorer Pro | Partieverlauf: In einem schwierigen Kampf mit beidseitigen Gewinnchancen holt sich der Scorpio 68000 sel. 4 erneut den Sieg. Dieses Mal fällt die Entscheidung in einem lehrreichen Bauernendspiel. Mit drei Punkten im Rückstand muss sich nun das holländische Programm von Frans Morsch sputen, um nicht endgültig unter die Räder zu kommen.} 2. d4 d5 3. Nc3 Bb4 4. Bd3 {Als Überraschungswaffe ist dieser normale Entwicklungszug meistens gut. Das trifft ebenfalls zu auf 4.Dd3, die moderne Abweichung von den üblichen Varianten.} c5 $11 {***ENDE BUCH***} (4... dxe4 5. Bxe4 Nf6 6. Bf3 Nc6 7. Nge2 e5 8. Bxc6+ bxc6 9. O-O Ba6 10. dxe5 Nd5 11. Nxd5 Qxd5 12. c3 Qxd1 13. Rxd1 Bxe2 14. Rd2 Bxc3 15. Rxe2 Bd4 16. Be3 O-O-O 17. Bxd4 Rxd4 18. f3 Re8 19. Kf2 g5 20. Rc1 Re6 21. g3 h5 22. Rc3 h4 23. Ra3 Kb7 24. Rb3+ Kc8 25. Ra3 Kb7 26. Rb3+ Kc8 27. Ra3 {½-½ (27) Aronian,L (2781)-Nepomniachtchi,I (2784) Chess.com INT 2020}) 5. exd5 Qxd5 6. Bd2 $11 {***ENDE BUCH***} Qxd4 $2 {[%mdl 2] Kaum erstaunlich, dass ein Oldie dem Drang, auf d4 oder g2 einen Bauern zu schnappen, nicht widerstehen kann. Als Kompensation erhält Weiss einen gewissen Entwicklungsvorsprung. Ganz schlecht wäre es, auf g2 zu schlagen. Aus Sicht von PROMENADE-bmi2 ist der Textzug jedoch bereits höchst verlustträchtig.} (6... Bxc3 {die üblichste Fortsetzung} 7. Bxc3 cxd4 8. Bxd4 e5 9. Bc3 Nf6 $11) (6... Qxg2 $4 7. Be4 {und die Dame muss sich gegen den Turm opfern} Qxh1 8. Bxh1 $18) 7. Nf3 $6 {Ganz offensichtlich ist 7.Sb5 deutlich stärker und für Schwarz schon fast tödlich.} ({PROMENADE-bmi2:} 7. Nb5 {+- 1.86(98%)/53} Qd8 (7... Bxd2+ 8. Qxd2 Qxb2 9. Rd1 $18) 8. Bxb4 cxb4 9. Qg4 Nf6 10. Qg3 O-O 11. Nc7 Nc6 12. Nxa8 e5 13. Ne2 Qa5 14. O-O Be6 15. a3 Rxa8 16. axb4 Qxb4 17. Qe3 a6 18. c3 Qe7 19. Rfd1 Nd5 20. Qc1 Rd8 21. Bc4 h5 22. Bxd5 Bxd5 23. Ng3 g6 24. Nf1 Kh7 25. b4 f5 26. f3 f4 27. Nd2 Rc8 28. Qa3 Kg7 29. c4 Nd4 30. cxd5 {[%eval 186,53] [%wdl 952,48,0]}) {[#]} 7... Qd7 $2 $18 {[%mdl 2] Das ***VERLIERT*** und ist schlechter als 7...Dd8} 8. Bb5 Nc6 9. a3 $2 {Verpasst den Sieg und gibt sich mit geringem Vorteil zufrieden.} (9. Ne5 Qc7 10. Bxc6+ bxc6 11. Bf4 {und nun präsentiert die Engine zwei Gewinnvarianten für Weiss:} Nh6 {+- 2.65(100%)/49} ({oder} 11... Nf6 {+- 2.81(100%)/49} 12. Ng6 Bxc3+ 13. bxc3 Qa5 14. Nxh8 Qxc3+ 15. Bd2 Qe5+ 16. Kf1 Ba6+ 17. Kg1 Ke7 18. Nxf7 Kxf7 19. h4 Rd8 20. Qe1 Qf5 21. Rh3 Qxc2 22. Bc3 Bd3 23. Re3 Bf5 24. Bxf6 Kxf6 25. Rc3 Qe4 26. Rxc5 Rd3 27. h5 g5 28. Qc1 Qe2 29. Rxc6 Be4 30. Qc2 Rd2 31. Qc3+ Kf5 32. Qc5+ Bd5 33. Qf8+ Kg4 34. Rc3 Qe5 35. Rac1 {[%eval 281,49] [%wdl 999,1,0]}) 12. Qf3 Nf5 13. O-O-O Qb7 14. Ne4 O-O 15. a3 Ba5 16. Nxc6 Bc7 17. Bxc7 Qxc7 18. Nxc5 Nd6 19. Rhe1 Nc4 20. Rd4 Nb6 21. b4 Bb7 22. Nxb7 Qxb7 23. Na5 Qe7 24. Kb1 Rac8 25. c4 Rfd8 26. Rxd8+ Qxd8 27. Rd1 Qe7 28. Rc1 Qg5 29. c5 Nd5 30. Kc2 Qh4 31. g3 Qe7 32. Kb3 Qc7 33. Ka2 h6 34. Qd3 Rb8 35. Rc2 Rd8 {[%eval 265,49] [%wdl 999,1,0]}) 9... Ba5 $2 $16 {Die wieder ungünstige zweite Wahl.} (9... Bxc3 10. Bxc3 Qxd1+ 11. Rxd1 Nf6) 10. Na4 $2 {Der Scorpio hat kein gutes Händchen und muss sich wieder mit Ausgleich begnügen. Grösste Sorgen hätte Schwarz nach 19.Se5 gehabt.} (10. Ne5 Qc7 11. Bf4 Bd7 12. Bxc6 Bxc6 13. Qg4 O-O-O 14. Qxg7 {+- 1.68(97%)/52}) 10... Bxd2+ 11. Qxd2 Qxd2+ 12. Kxd2 c4 {Hier war 12...Sge7 mit Entwicklung besser.} (12... Nge7 13. Nxc5 O-O 14. Rad1 b6 15. Ne4 Bb7 $11) 13. Nc3 Nh6 {Ein seltsam anmutender Rösselsprung, an den man kaum denken würde. Züge wie Sge7 oder Ld7 drängen sich eher auf.} (13... Nge7 14. Ne5 Bd7) 14. Ne5 O-O {Vernünftiger sieht 14...Ld7 aus.} (14... Bd7 15. Nxc6 Bxc6 16. Bxc6+ bxc6 17. Ne4 Ke7 18. Kc3 Rhd8 $11) 15. Nxc6 bxc6 16. Bxc6 Rb8 17. Rhe1 Rd8+ ({oder} 17... Rxb2 18. Reb1 Rd8+ 19. Kc1 Rxb1+ 20. Rxb1 Ng4 21. Rb8 Rf8 22. f4 Nxh2 23. Ra8 a6 24. Ne4 e5 25. fxe5 Ng4 26. Rxc8 (26. Nd6 Be6 27. Rxa6 Nxe5 28. Bb7 c3 29. a4 Rb8 30. Ra5 Nc4 31. Nxc4 Bxc4 32. Rc5 Kf8 33. Rxc4 Rxb7 34. Rxc3 $11) 26... Rxc8 27. Bd7 Rd8 28. Bxg4 Rd5 29. e6 Re5 30. exf7+ Kxf7 31. Bf3 Ke7 $11) 18. Kc1 Nf5 19. Be4 Nd4 {Schwarz steht keinesfalls schlechter.} 20. Rd1 {Hier war 20.Se2 genauer.} Bb7 {Zu schwarzem Vorteil hätte 20...e5 geführt.} 21. Rd2 Bxe4 22. Nxe4 Kf8 23. Kb1 e5 24. Ka2 f5 25. Ng3 g6 26. Re1 Nc6 27. Red1 Ke7 28. Nf1 Rxd2 29. Rxd2 e4 {[#]} 30. Rd5 $2 {[%mdl 32768] ***VERLUSTZUG*** wie die Bewertung der Engine mit -+ (-2.10) (0% +0% =0% -100%) Depth: 40/62 deutlich zeigt. Der weisse Springer hätte nach e3 hüpfen sollen, dann bliebe alles im Lot.} Ke6 31. Rc5 Ne5 32. Rc7 Ng4 33. Rxh7 Ra8 34. Rg7 Kf6 35. Rc7 Nxf2 36. Rc6+ Kg5 37. Rxc4 Re8 38. Ne3 Rd8 39. g3 Ng4 40. h4+ Kh5 41. Rc3 Nxe3 42. Rxe3 Kg4 43. Kb3 Rd2 44. c4 Rf2 $2 $11 {[%mdl 4096] Verpatzt die Partie zum Remis.} ({Es gewinnt} 44... Kh3 {oder ...Td8, c5 Kh3, was nur Zugumstellung ist} 45. c5 Rd8 46. Kc2 Kg2 47. c6 Kf2 48. Rc3 e3 49. c7 Rc8 50. Kd3 e2 51. Rc2 Rxc7 52. Rxe2+ Kxg3 53. Re6 Rg7 54. Ke2 Kxh4 55. Kf3 Kh5 56. Re1 Rc7 57. Kf4 Rc4+ 58. Ke5) 45. c5 $2 $19 {[%mdl 32768] ***VERLIERT*** Bei etwas längerer Bedenkenzeit als sich der Scorpio bei Schachfreund Bühler offenbar genommen hat, würde das Programm die Partie zum Remis führen. Das hat ein Test unter MessChess ergeben.} (45. Kc3 $1 Rf3 46. Kd2 Rxe3 (46... Kxg3 47. c5 $11) 47. Kxe3 Kxg3 48. c5 f4+ 49. Kxe4 f3 50. c6 f2 51. c7 f1=Q 52. c8=Q Qe2+ 53. Kd5 Kxh4 $11 {ausgeglichen}) 45... Rf3 {[#]} {Für die Oldies ist es nur schon von der Berechnungstiefe her fast unmöglich, diese Stellung korrekt zu bewerten. Ich habe unter MessChess einige der stärksten Programme für mindestens 8 Min. getestet. TASC R40 The King 2.50, Stil normal: Bestzug 46.c6, +0.72, Tiefe 07/09 (Txe3+), nach rund 12 Min. sinkt die Bewertung bei Tiefe 08/10 auf -2.20 | Mephisto Genius 68030 v4.01, 66 MHz: Bestzug 46.Txf3, -0.54, Tiefe 11/23 (exf3) | Mephisto TM London 68040, 132 MHz: Bestzug 46.Txf3, -0.36, Tiefe 13/25 (exf3) | Elite Avant Garde V11, 72 MHz: Bestzug 46.c6, +0.15, Tiefe 0.13 (Txe3) | Mit anderen Worten haben also selbst die besten Schachprogramme der guten alten Zeit keine Ahnung, dass sie auf verlorenem Posten stehen.} 46. c6 {Klar besser, wenn auch ungenügend, sind 46.Txf3 oder 46.Tc3.} (46. Rxf3 exf3 47. c6 Kxg3 48. c7 f2 49. c8=Q f1=Q 50. Qg8 Qf3+ 51. Ka2 Qg4 $19) (46. Rc3 Rxc3+ 47. bxc3 e3 48. c6 e2 49. c7 e1=Q 50. c8=Q Kxg3 $19) 46... Rxe3+ 47. Kc2 Re2+ 48. Kd1 Rg2 49. c7 Rg1+ $1 {Sehr gut, aber wohl zufällig der einzig richtige Gewinnzug.} (49... Kxg3 $2 {vergibt den Sieg} 50. c8=Q e3 51. Qc4 f4 52. Qe4 Rxb2 53. h5 gxh5 54. Qf5 Rh2 55. Ke1 h4 56. Qg5+ Kf3 57. Qh5+ Kg3 $11) 50. Kc2 ({oder} 50. Kd2 e3+ 51. Kc2 (51. Kxe3 Rc1 $19) 51... e2 52. c8=Q e1=Q $19) 50... e3 $1 {Nur das gewinnt.} 51. c8=Q e2 {Dieser Freibauer kostet dem Weissen das Leben.} 52. Qc4+ {Erzwungen, will Weiss nicht mit seiner Dame gegen Dame+Turm kämpfen.} Kh3 53. Qxe2 {Der lästige Bauer ist weg, aber ...} Rg2 {erzwingt den Übergang zu einem gewonnenen Bauern- bzw. später Damenendspiel.} 54. Kd3 Rxe2 55. Kxe2 Kxg3 56. b4 {[#] Schwarz hat Gewinnstellung, die aber äusserst präzises Spiel und tiefe Berechnung sowie das notwendige Endspielwissen verlangt. In allen drei Punkten sind da unsere Oldies hoffnungslos überfordert. Deshalb erstaunt nicht, dass Schwarz nun einen offenbar logischen Bauernvorstoss macht, ohne zu erkennen, dass er seine Gewinnstellung in eine Verluststellung verwandelt.} f4 $2 $18 {[%mdl 2] ***VERLIERT***} (56... Kxh4 57. a4 Kg3 $1 58. b5 Kg2 $1 59. a5 f4 60. b6 axb6 61. axb6 f3+ 62. Ke3 f2 63. b7 f1=Q 64. b8=Q g5 $19 {und Schwarz gewinnt dieses Damenendspiel .}) 57. Kf1 (57. b5 Kg2 $1 $19) 57... Kxh4 58. a4 {Welches Pech für den Mephisto Explorer Pro. Er besitzt in diesem Bauernendspiel einen Bauern mehr. Leider sind aber die weissen Freibauern stärker und der schwarze König zu weit entfernt, um sie aufzuhalten.} g5 ({Ebenso wenig hilft} 58... Kg5 59. b5 Kf6 60. a5 Ke6 61. b6 axb6 62. a6 $1 b5 63. a7 $18) 59. b5 g4 60. a5 g3 61. b6 axb6 62. a6 {Natürlich gewinnt 62.axb6 auch.} f3 63. a7 Kg5 64. a8=Q {Der Rest ist nur noch für die Galerie.} Kf4 65. Qb8+ Kg4 66. Qxb6 Kf4 67. Qd6+ Kg4 68. Qe5 f2 {***AUFGEGEBEN***} 1-0

[Event "Match 82__120'/40"]
[Site "Zürich"]
[Date "2025.??.??"]
[Round "14"]
[White "Mephisto Explorer Pro"]
[Black "Scorpio 68000 sel. 4"]
[Result "1-0"]
[Annotator "8-6 for Scorpio"]
[WhiteElo "2016"]
[BlackElo "2043"]
[WhiteFideId "-1"]
[BlackFideId "-1"]
[PlyCount "118"]
[GameId "542500985490"]
[EventDate "2025.10.05"]
[EventType "match"]
[EventRounds "50"]

{[%evp 0,118,27,27,85,14,14,14,14,14,14,0,14,6,6,6,-2,-18,10,-8,-7,0,0,-36,24,34,0,0,76,66,74,69,75,33,61,46,79,47,105,105,126,119,185,216,235,243,241,227,236,236,276,258,457,485,485,477,508,512,516,516,544,546,545,566,560,568,527,444,528,536,616,617,660,660,660,652,569,606,627,632,656,648,679,646,684,693,716,633,649,675,684,641,664,668,668,677,697,707,709,709,840,903,1031,1122,990,799,867,871,982,862,1216,929,999,1045,1157,860,1304,1157,1127,1230,1727]} 1. d4 d6 {Match Nr. 82 mit 120'/40 | Bediener: Rolf Bühler | Kommentator: Kurt Utzinger | 14. Partie: Weiss (Mephisto Explorer Pro) gewinnt | Zwischenstand: 8-6 für Scorpio 68000 sel. 4 | Stand hypothetisch: 8-6 für Mephisto Explorer Pro | Eröffnung: Alt-Indische Verteidigung | Buchzüge 2 (69) von Scorpio; 2 (61) von Mephisto Explorer Pro | Partieverlauf: Nach nur 4 Zügen sind die Damen getauscht bei gleicher Bauernstruktur und unrochierbarem schwarzen König. Es steht ausgeglichen. Aber entgegen dem Trend im Alt-Indisch mit dieser Variante, geht Schwarz (Scorpio) mit obskurem Spiel gegen den Mephisto Explorer Pro langsam unter. Ein wichtiger Sieg für das im Rückstand liegende Programm von Frans Morsch.} 2. c4 $11 {***ENDE BUCH***} e5 $11 {***ENDE BUCH***} 3. dxe5 dxe5 4. Qxd8+ Kxd8 {[#] Diese Variante mit dem frühen Damentausch hat gemäss der ChessBase Online Datenbank bei 3'582 Partien mit 32,4% eine sehr schlechte Bilanz für Weiss. Es ist zwar bekannt, dass mit dem frühen Abholzen kein Blumentopf zu gewinnen ist. Da aber Weiss nicht schlechter steht, überrascht diese Tatsache doch. Vielleicht hat das psychologische Gründe, weil vor allem Spieler zu dieser Variante greifen, die mit Weiss auf Remis aus sind. Wenn dann die Gegner in Kampfesstimmung sind und man die Sache etwas zu leicht nimmt, kann das Rad ja schnell drehen. Mit der Einstellung, nur auf Remis zu schieben, wird es oftmals schwierig, das auch zu erreichen. Fast alle Engines betrachten nun 5.Sc3 als die beste Wahl und attestieren Ausgleich. Die Bewertungen diverser Engines zu dieser Stellung sind nach 5.Sc3 angegeben.} 5. Nc3 ({Stockfish dev-20251014-75edbee0:} 5. Nc3 Bb4 {= 0.03 (50%) Depth 46}) ({PlentyChess 7.0.0:} 5. Nc3 Bb4 {= -0.04 (50%) Depth 49}) ({Patricia 5.0 xtremeEAS:} 5. e3 Nf6 {= 0.00 (50%) Depth 36}) ({Obsidian 16.0:} 5. Nc3 Be6 {= -0.06 (50%) Depth 41}) ({Lc0 v0.29.0:} 5. Nc3 Be6 {= -0.06 (48%) Depth 17}) ({Koivisto 8.0:} 5. Nc3 Be6 {= -0.25 (50%) Depth 39}) ({Integral v7.0.0:} 5. Nc3 Bb4 {= -0.09 (50%) Depth 42}) ({Dragon 3.1 by Komodo Chess 64-bit:} 5. Nc3 Be6 {= -0.22 (50%) Depth 39}) ({Berserk 13:} 5. Nc3 Be6 {= 0.12 (47%) Depth 42}) 5... Nc6 6. Bg5+ f6 7. O-O-O+ Bd7 8. Bd2 Kc8 9. g3 Bc5 10. Ne4 (10. Bh3 Bxh3 11. Nxh3 Rb8) 10... Be7 11. Bc3 f5 {Ein aktiver, aber doch die schwarze Bauernstellung leicht schwächender Vorstoss. Gute Alternativen sind:} (11... Nh6 {mit Entwicklung; der Springer kann später allenfalls via f7 wieder in den Zentrumskampf eingreifen.}) (11... a5 {nimmt das Feld b4 unter Kontrolle und verleidet dem Gegner, a3 zu spielen wegen ...a4.}) 12. Bh3 {Das ist eine gute Idee.} Nh6 (12... g6 $6 {wäre wegen} 13. Nf3 $16 {fragwürdig.}) 13. Nf3 {Weiss drückt auf e5.} Nf7 {Die Engines schlagen mit 13...Sg4 eine für unsere Oldies viel zu komplexe und zu tiefe Ausgleichsvariante vor:} ({Omega Explorer-avx2:} 13... Ng4 14. Bxg4 fxg4 15. Nxe5 Nxe5 16. Bxe5 Bc6 17. f3 gxf3 18. exf3 Rf8 19. Rd3 g5 20. Re1 b6 21. Bg7 Rf5 22. Bc3 a5 23. g4 Rf8 24. a3 Kb7 25. h3 h6 26. Kc2 Ba4+ 27. b3 Bc6 28. a4 Rf7 29. Ng3 Ba3 30. Nf5 Rh7 31. Bd2 Rg8 32. Re6 h5 33. Rh6 Rxh6 34. Nxh6 Rf8 35. Nf5 {[%eval 26,42] [%wdl 19,980,1]}) (13... fxe4 $2 {wäre schlecht wegen} 14. Rxd7 Bf6 15. Nd2 $18 {und Weiss gewinnt}) 14. Rxd7 $1 {Stark gespielt vom Mephisto Explorer Pro.} Kxd7 15. Bxf5+ {Für die Qualität hat Weiss zwar nur Läufer und Bauer. Aber aufgrund seiner aktiv stehenden Figuren und der Zentrumskontrolle steht Weiss besser; Bewertung: +/- (0.71) (59% +20% =80% -0%) Depth: 41/56} Ke8 $16 16. Be6 $6 $11 {Die konsequente Fortsetzung 16.c5, was den gegnerischen Figuren das Feld d6 verwehrt und dem Le6 die Diagonale a2-g8 öffnet, sichert dem Anziehenden weiterhin Vorteil.} Bf6 $2 $16 {Hier steht der Läufer passiv und somit schlecht.} ({Nach} 16... Bb4 {wäre Schwarz alle Sorgen los.} 17. Bxb4 Nxb4 18. Bxf7+ Kxf7 19. Nxe5+ Ke6 20. Nd3 Nxd3+ 21. exd3 h5 $11) 17. Nc5 $14 {Hier war 17.Ld5 stärker.} (17. Bd5 Nd6 18. e3 Rb8 19. Rd1 Rf8 20. Nxd6+ cxd6 21. Nd2 Be7 22. Ne4 {+/- 1.40(95%)/43}) 17... Ncd8 $2 $16 {Damit geht der Vorteil wieder klar an Weiss. Mit 17...Sd4! hätte Schwarz seine Figuren aktivieren können. Auch 17...Sd6 war dem Textzug vorzuziehen.} (17... Nd4 18. Bxd4 exd4 19. Nxb7 Nd8 20. Nxd8 Rxd8 21. Bd5 Kd7 22. Ne1 Rde8 23. Bf3 c5 24. Nd3 $14 {mit nur leichtem Vorteil für Weiss}) 18. Bd7+ Kf8 $6 {Keine Frage, dass 18...Ke7 besser ist.} 19. Bh3 {[#]} Kg8 $2 $18 {[%mdl 2] ***VERLIERT*** Ein grottenschlechtes Manöver aus der Steinzeit des Computerschachs. Der nicht bedrohte König begräbt seinen Turm auf h8. Bewertung: +- 2.57(100%)/43} 20. Rd1 Be7 21. Ne6 e4 {Was auch immer Schwarz spielt, er ist völlig verloren.} (21... c6 22. Rd7 Bf6 23. Nxe5 $18) (21... Nxe6 22. Bxe6 Kf8 23. Rd7 Nd8 24. Bf5 g6 25. Bh3 Rg8 (25... Bf6 26. Rxc7 $18) 26. Nxe5 $18) 22. Nxc7 Rb8 23. Nd2 e3 {Da der e4-Bauer nicht zu retten war, wird er geopfert und dem Gegner ein Doppelbauer angehängt.} 24. fxe3 Nc6 25. Ne4 Bb4 {Das verkürzt die schwarzen Qualen.} 26. Bxb4 Nxb4 27. Be6 {droht Sd6} Nc6 28. Nd6 Ncd8 29. Bd5 {Der schwarze Springer f7 ist nicht mehr zu retten.} h6 30. Rf1 Kh7 31. Nxf7 Nxf7 32. Rxf7 {Den Rest erledigt das Programm von Frans Morsch ohne Tadel.} Rhf8 33. Rf3 Rfc8 34. Ne6 g5 35. Rf6 b6 36. Be4+ Kg8 37. b3 h5 38. Bg6 Rb7 39. Bf5 b5 40. Rg6+ Kh8 41. Rxg5 Re8 42. Rxh5+ Kg8 43. Nc5 Rbe7 44. Bd7 Rd8 45. Bxb5 Rxe3 46. Bc6 Kg7 (46... Rxe2 47. Bd5+ Kg7 48. Ne6+ Rxe6 49. Bxe6 $18) 47. Bf3 Rc3+ 48. Kb2 Re3 49. Rd5 Rxd5 50. cxd5 Kf6 51. d6 Re8 52. h4 Rh8 53. h5 a6 54. Ka3 Kf7 55. g4 Rh6 56. d7 Ke7 57. Bb7 a5 58. Ka4 Rd6 59. Bf3 Rh6 {***AUFGEGEBEN***} 1-0